000 00672nam a2200289Ia 4500
005 20260324144834.0
008 008 260324s9999 xx 000 0 eng d
020 _a9781003248033
037 _aEBOOK
040 _aCRL
040 _beng
040 _cCRL
041 _2eng
041 _aeng
084 _qCRL
100 _aLillian Craig Harris
_91220797
245 0 _aLibya
245 0 _bQadhafi's Revolution and the Modern State
260 _bTaylor and Francis
260 _c1986
365 _a
365 _b150
856 _uhttp://www.taylorfrancis.com/books/9781003248033
942 _cEBOOK
999 _c1827914
_d1827914